All class D Asphalt 9 Legends cars (August 2023) - Statistics

General Stats
  • This quiz has been taken 10 times
  • The average score is 26 of 33
Answer Stats
Brand Class Car name % Correct
Nissan D 370Z Nismo
100%
Chevrolet D Camaro LT
100%
Dodge D Challenger 392 Hemi Scat Pack
100%
Renault D Dezir
100%
Mitsubishi D Lancer Evolution
100%
Volkswagen D XL Sport Concept
100%
Honda D Civic Type-R
90%
DS Automobiles D DS E-Tense
90%
Mazda D Furai
90%
Ginetta D G60
90%
KTM D X-Bow GTX
90%
Bentley D Continental GT3
80%
Italdesign D Davinci
80%
Lotus D Elise Sprint 220
80%
TVR D Griffith
80%
Lamborghini D Huracán Super Trofeo EVO
80%
Nissan D Leaf Nismo RC
80%
Infiniti D Project Black S
80%
Renault D TreZor
80%
BMW D Z4 LCl E89
80%
Chevrolet Corvette D C7.R
70%
Volkswagen D Electric R
70%
Lotus D Emira
70%
BMW D i8 Roadster
70%
Praga D R1
70%
Peugeot D SR1
70%
Glickenhaus D 004C
60%
Porsche D 718 Cayman
60%
Porsche D 911 Targa 4S
60%
Lamborghini D Countach 25th Anniversary
60%
Ford D Shelby GT350R
60%
Nissan D 370Z Neon Edition
50%
Porsche D Taycan Turbo S
50%
No matching quizzes found
Score Distribution
Percent of People with Each Score
Percentile by Number Answered
Your Score History
You have not taken this quiz